000 00792cam a2200241 a 4500
001 14052364
005 20180213071051.0
008 050726s2007 njua 001 0 eng
010 _a 2005051526
020 _a0131493302 (alk. paper)
020 _a9780131493308 (alk. paper)
035 _a(OCoLC)ocm61178251
040 _aDLC
_cDLC
_dYDXCP
_dBAKER
_dOCLCQ
_dBTCTA
_dTEU
_dDLC
041 _aeng
080 _a540 RAP
082 0 0 _a540 RAP
_222
100 1 _a12
101 _aKIM
245 1 0 _aGeneral chemistry :
906 _a7
_bcbc
_corignew
_d1
_eocip
_f20
_gy-gencatlg
942 _2ddc
_cBK
999 _c42384
_d42384